000 00250nam a22001097a 4500
008 170126b xxu||||| |||| 00| 0 eng d
020 _a9780766824188
041 _aeng
080 _22ND
_a61
245 _aMEDICAL ASSISTING
_cLINDH, W.Q
942 _2udc
_cBK
999 _c3715
_d3715